الواقعيّة السّحريّة بين روايتي نزيف الحجر لإبراهيم الكوني ومملكة هذا العالم لأليخو كاربنتيير : (رقم التسجيلة. 179850)
[ عرض عادي ]
| 000 -LEADER | |
|---|---|
| fixed length control field | 04386namaa22004211i 4500 |
| 003 - CONTROL NUMBER IDENTIFIER | |
| control field | OSt |
| 005 - أخر تعامل مع التسجيلة | |
| control field | 20260506105845.0 |
| 008 - FIXED-LENGTH DATA ELEMENTS--GENERAL INFORMATION | |
| fixed length control field | 250827s2024 ua a|||frm||| 000 0 eng d |
| 040 ## - CATALOGING SOURCE | |
| Original cataloguing agency | EG-GICUC |
| Language of cataloging | ara |
| Transcribing agency | EG-GICUC |
| Modifying agency | EG-GICUC |
| Description conventions | rda |
| 041 0# - LANGUAGE CODE | |
| Language code of text/sound track or separate title | ara |
| Language code of summary or abstract | ara |
| -- | eng |
| 049 ## - Acquisition Source | |
| Acquisition Source | إيداع |
| 082 04 - DEWEY DECIMAL CLASSIFICATION NUMBER | |
| Classification number | 808.83 |
| 092 ## - LOCALLY ASSIGNED DEWEY CALL NUMBER (OCLC) | |
| Classification number | 808.83 |
| Edition number | 21 |
| 097 ## - Degree | |
| Degree | دكتـــــوراه |
| 099 ## - LOCAL FREE-TEXT CALL NUMBER (OCLC) | |
| Local Call Number | Cai01.02.06.Ph.D.2024.سا.و |
| 100 0# - MAIN ENTRY--PERSONAL NAME | |
| Authority record control number or standard number | ،سارة صالح رمضان علي |
| Preparation | إعداد. |
| 245 12 - TITLE STATEMENT | |
| Title | الواقعيّة السّحريّة بين روايتي نزيف الحجر لإبراهيم الكوني ومملكة هذا العالم لأليخو كاربنتيير : |
| Remainder of title | دراسة مقارنة / |
| Statement of responsibility, etc. | إعداد سارة صالح رمضان علي؛ إشراف أ.د/ أحمد عبد العزيز. |
| 246 15 - VARYING FORM OF TITLE | |
| Title proper/short title | Magical realism between nazif al hajar the bleeding of the stone by ibrahim al-koni and the kingdom of this world by alejo carpentier : |
| Remainder of title | A comparative study / |
| 264 #0 - PRODUCTION, PUBLICATION, DISTRIBUTION, MANUFACTURE, AND COPYRIGHT NOTICE | |
| Date of production, publication, distribution, manufacture, or copyright notice | 2024. |
| 300 ## - PHYSICAL DESCRIPTION | |
| Extent | 241 صفحة : |
| Other physical details | إيضاحيات ؛ |
| Dimensions | 25 سم. + |
| Accompanying material | CD. |
| 336 ## - CONTENT TYPE | |
| Content type term | text |
| Source | rda content |
| 337 ## - MEDIA TYPE | |
| Media type term | Unmediated |
| Source | rdamedia |
| 338 ## - CARRIER TYPE | |
| Carrier type term | volume |
| Source | rdacarrier |
| 502 ## - DISSERTATION NOTE | |
| Dissertation note | أطروحة (دكتوراه)-جامعة القاهرة، 2024. |
| 504 ## - BIBLIOGRAPHY, ETC. NOTE | |
| Bibliography, etc. note | ببليوجرافيا: صفحات 235-241. |
| 520 ## - SUMMARY, ETC. | |
| Summary, etc. | تسعى الدراسة إلى تحديد معالم الواقعية السحرية وتوضيح جوانبه في روايتي "نزيف الحجر " لإبراهيم الكوني الأديب الليبي والعالمي، و"مملكة هذا العالم " لأليخو كاربنتيير الأديب الكوبي المتعدد الأصول والثقافات. الواقعية السحرية هي الإيمان بكل ما يخالف الواقع ويخترقه، وجعله كأنه حقيقة معيشة، بل والدفاع عن تلك الحقيقة وتعليق كل الآمال عليها، وهذه الحقيقة متمثلة بإيمان أسوف في نزيف الحجر بالودان العظيم- وهو نوع من المواشي يشبه الظبي- وماحوله من طبيعة صحراوية ساحرة، وفي رواية مملكة هذا العالم لأليخو كاربنتيير فهذه الحقيقة هي إيمان السود بالتحرر من قبل مخلصهم ماكندال الذي قتل في ثورة من ثوراتهم على البيض. كل هذا يُدرس بطابع المقارنة بين عناصر الروايتين والسياق الثقافي والمرجعيات الثقافية لكل منهما. |
| 520 ## - SUMMARY, ETC. | |
| Summary, etc. | This study is about defining and fixing signposts of the MAGICAL REALISM and clarify its sides in NAZIF AL HAGAR by Ibrahim Al Koni, the Libyan and international literator. And THE KINGDOM OF THIS WORLD by Alejo Carpentier the Cuban liturator, the multicultural for his multiple origins. Therefore the Magical Realism is the believe of all what is against reality like it is a way of living and making it as a culture or even a religion, and this belief is represented in the way that Aswaf in Nazif Al Hagar with Wadan- the type of livestock- and what around it of nature Full of magic, religion and cultural heritage. In addition, this believe is also appeared in The Kingdom of this world, in what slaves see as a fact that Maccandal-their savior- will appear and save them from slavery after he has died in one of their revolutions. All of this has been represented in terms of the genre called MAGICAL REALISM and finding it inside both of two novels, with clarifying the cultural context and the cultural references between both noveles in comparative way of study. |
| 530 ## - ADDITIONAL PHYSICAL FORM AVAILABLE NOTE | |
| Issues CD | صدر أيضًا كقرص مدمج. |
| 546 ## - LANGUAGE NOTE | |
| Text Language | النص بالعربية والملخص باللغة الإنجليزية والعربية. |
| 650 #7 - SUBJECT ADDED ENTRY--TOPICAL TERM | |
| Topical term or geographic name entry element | الروائيون |
| Source of heading or term | qrmak |
| 650 #7 - SUBJECT ADDED ENTRY--TOPICAL TERM | |
| Topical term or geographic name entry element | فن كتابة القصة |
| 653 #0 - INDEX TERM--UNCONTROLLED | |
| Uncontrolled term | الواقعية السحرية |
| -- | السرد وفن الرواية |
| -- | السياق الثقافي والمرجعيات الثقافية |
| 700 0# - ADDED ENTRY--PERSONAL NAME | |
| Personal name | أحمد عبد العزيز |
| Relator term | مشرف أطروحة. |
| 900 ## - Thesis Information | |
| Grant date | 01-01-2024 |
| Supervisory body | أحمد عبد العزيز |
| Universities | جامعة القاهرة |
| Faculties | كلية الآداب |
| Department | قسم اللغة العربية |
| 905 ## - Cataloger and Reviser Names | |
| Cataloger Name | Sara Salah |
| Reviser Names | Afaf |
| 942 ## - ADDED ENTRY ELEMENTS (KOHA) | |
| Source of classification or shelving scheme | Dewey Decimal Classification |
| Koha item type | Thesis |
| Edition | 21 |
| Suppress in OPAC | No |
| Source of classification or shelving scheme | Home library | Current library | Date acquired | Inventory number | Full call number | Barcode | Date last seen | Effective from | Koha item type |
|---|---|---|---|---|---|---|---|---|---|
| Dewey Decimal Classification | المكتبة المركزبة الجديدة - جامعة القاهرة | قاعة الرسائل الجامعية - الدور الاول | 30.04.2026 | 33159 | Cai01.02.06.Ph.D.2024.سا.و | 01010100033159000 | 30.04.2026 | 30.04.2026 | Thesis |